Spící špion /

Hlavní autor: Grebe, Camilla, 1968-
Další autoři: Leander-Engström, Paul, 1966-, Nováčková, Eva, 1936-2024
Jazyk: Čeština
Vydáno: [Líbeznice] : Víkend, 2018
Témata:
Fyzický popis: 335 stran ; 21 cm
Knihy
Uloženo v:
LEADER 01702cam a2200457 i 4500
001 nkc20183004485
003 CZ PrNK
005 20240712120724.0
007 ta
008 180606s2018 xr g 000 f cze d
015 |a cnb003004485 
020 |a 978-80-7433-221-0  |q (vázáno) 
035 |a (OCoLC)1111968974 
040 |a TAG001  |b cze  |d KLG001  |d BOA001  |d ABA001  |e rda 
041 1 |a cze  |h swe 
072 7 |a 821.11  |x Germánské literatury  |2 Konspekt  |9 25 
080 |a 821.113.6-31  |2 MRF 
080 |a (0:82-312.4)  |2 MRF 
100 1 |a Grebe, Camilla,  |d 1968-  |7 xx0160512  |4 aut 
240 1 0 |a Sovande spionen.  |l Česky 
245 1 0 |a Spící špion /  |c Camilla Grebe, Paul Leander Engström ; ze švédského originálu Den sovanden spionen ... přeložila Eva Nováčková 
264 1 |a [Líbeznice] :  |b Víkend,  |c 2018 
300 |a 335 stran ;  |c 21 cm 
336 |a text  |b txt  |2 rdacontent 
337 |a bez média  |b n  |2 rdamedia 
338 |a svazek  |b nc  |2 rdacarrier 
500 |a Název originálu uveden chybně Den sovanden spionen, správně Den sovande spionen 
655 7 |a švédské romány  |7 fd133923  |2 czenas 
655 7 |a špionážní romány  |7 fd133920  |2 czenas 
655 7 |a thrillery (romány)  |7 fd184206  |2 czenas 
655 9 |a Swedish fiction  |2 eczenas 
655 9 |a spy novels  |2 eczenas 
655 9 |a thrillers (novels)  |2 eczenas 
700 1 |a Leander-Engström, Paul,  |d 1966-  |7 osa2014847799  |4 aut 
700 1 |a Nováčková, Eva,  |d 1936-2024  |7 xx0069595  |4 trl 
910 2 |a BOA001  |b 2-1414.502 
920 |a 1187033  |z KLG001 
990 |a BK 
995 |a 01 
991 |b 201810  |c NOV 
996 6 |b 2610755713  |c 2-1414.502  |l MZK  |r Sklad / do 1 hodiny  |n 1  |p p.v.  |w 001688772  |u 000010  |a 1  |e BOA001  |j MZK50  |s P